A qui est la carrière - Moyen - Statistiques

Statistiques générales
  • Ce quiz a été pris 82 fois
  • Le résultat moyen est 11 sur 16
Statistiques - réponses
Par images Réponse % Correct
Thiago Silva
85%
Raphaël Varane
84%
Arjen Robben
82%
Jules Koundé
82%
Riyad Mahrez
80%
Thierry Henry
75%
Sadio Mané
74%
Xabi Alonso
72%
Didier Drogba
70%
Moussa Diaby
70%
Casemiro
69%
Heung-Min Son
67%
Christopher Nkunku
66%
Eder Militão
59%
Christian Pulisic
54%
Michaël Essien
34%
Aucun quiz correspondant
Distribution des résultats
% des personnes avec chaque résultat
Percentile par nombre de réponses
Votre historique - résultats
Vous n’avez pas pris ce quiz